Miltón Becerra (Record no. 1787)
[ view plain ]
| 000 -LEADER | |
|---|---|
| campo de control de longitud fija | 00481nam a22001217a 4500 |
| 008 - DATOS DE LONGITUD FIJA--INFORMACIÓN GENERAL | |
| campo de control de longitud fija | 190518b xxu||||| |||| 00| 0 eng d |
| 082 ## - NÚMERO DE LA CLASIFICACIÓN DECIMAL DEWEY | |
| Número de clasificación | 708 |
| Número de ítem | B389m |
| 100 ## - ENTRADA PRINCIPAL--NOMBRE DE PERSONA | |
| Nombre de persona | Pérez-Ratton, Virginia |
| 9 (RLIN) | 580 |
| 245 ## - MENCIÓN DEL TÍTULO | |
| Título | Miltón Becerra |
| 260 ## - PUBLICACIÓN, DISTRIBUCIÓN, ETC. | |
| Lugar de publicación, distribución, etc. | Costa Rica |
| Nombre del editor, distribuidor, etc. | Museo de Arte y Diseño Contemporaneo |
| Fecha de publicación, distribución, etc. | 1996 |
| 300 ## - DESCRIPCIÓN FÍSICA | |
| Extensión | 18 p. |
| Otras características físicas | ill (col). |
| Dimensiones | 27,8 x 21, 5 cm |
| 650 ## - PUNTO DE ACCESO ADICIONAL DE MATERIA--TÉRMINO DE MATERIA | |
| Fuente del encabezamiento o término | Arte contemporáneo |
| Subdivisión de forma | Arte - exhibiciones |
| -- | Becerra, Miltón |
| -- | Arte - instalaciones |
| Subdivisión general | Catálogo de exposición |
| Subdivisión geográfica | Arte - Venezuela |
| 9 (RLIN) | 7043 |
| Estatus retirado | Estado de pérdida | Fuente del sistema de clasificación o colocación | Estado de daño | No para préstamo | Biblioteca de origen | Biblioteca actual | Ubicación en estantería | Fecha de adquisición | Total de préstamos | Signatura topográfica completa | Código de barras | Visto por última vez | Precio de reemplazo | Tipo de ítem Koha |
|---|---|---|---|---|---|---|---|---|---|---|---|---|---|---|
| Clasificación Decimal Dewey | Biblioteca LadoV | Biblioteca LadoV | 18/05/2019 | 708 B389m | 002071 | 18/05/2019 | 18/05/2019 | Material 01 | ||||||
| Clasificación Decimal Dewey | Biblioteca LadoV | Biblioteca LadoV | 05/09/2019 | 708 B389m | 004370 | 05/09/2019 | 05/09/2019 | Material 01 |
